[Event "Olympiad-45"]
[Site "Budapest"]
[Date "2024.09.14"]
[Round "4.48"]
[White "Forbes, Garry"]
[Black "Santos, Jose Guilherme B Li"]
[Result "0-1"]
[WhiteElo "1858"]
[BlackElo "2411"]
[PlyCount "92"]
[EventDate "2024.09.11"]
[EventType "team-swiss"]
[EventRounds "11"]
[EventCountry "HUN"]
[SourceTitle "EXT 2025"]
[Source "ChessBase"]
[SourceDate "2024.10.14"]
[SourceVersion "1"]
[SourceVersionDate "2024.10.14"]
[SourceQuality "1"]
[WhiteTeam "Jersey"]
[BlackTeam "Portugal"]
[WhiteTeamCountry "GCI"]
[BlackTeamCountry "POR"]

1. c4 Nf6 2. g3 e5 3. Bg2 c6 4. Nf3 e4 5. Ng5 d5 6. cxd5 cxd5 7. 0-0 h6 8. Nh3 Bf5 9. Kh1 Qd7 10. Ng1 Nc6 11. d3 Bd6 12. dxe4 dxe4 13. Nc3 Qe6 14. Nb5 Be5 15. Bf4 Rd8 16. Qc1 Rc8 17. Bxe5 Qxe5 18. a4 a6 19. Nc3 0-0 20. Qf4 Qxf4 21. gxf4 Na5 22. e3 Nc4 23. Nge2 Rfe8 24. h3 Rc7 25. b4 Nb2 26. Kg1 g6 27. Rfb1 Nd3 28. b5 a5 29. b6 Rc5 30. Rb5 Rec8 31. Rxc5 Rxc5 32. Rb1 Kf8 33. Rb5 Bd7 34. Rxc5 Nxc5 35. Ng3 Bc6 36. Kf1 Ke7 37. Ke2 Nxa4 38. Nxa4 Bxa4 39. Nxe4 Bc6 40. f3 Nxe4 41. fxe4 Kd6 42. e5+ Kc5 43. Bxc6 Kxc6 44. e4 Kxb6 45. f5 gxf5 46. exf5 Kc6 0-1

[Event "Leca da Palmeira op 3rd"]
[Site "Leca da Palmeira"]
[Date "2024.08.05"]
[Round "8"]
[White "Santos, Jose Guilherme B Li"]
[Black "Droin, Augustin"]
[Result "1/2-1/2"]
[WhiteElo "2410"]
[BlackElo "2472"]
[PlyCount "71"]
[EventDate "2024.07.31"]
[EventType "swiss"]
[EventRounds "9"]
[EventCountry "POR"]
[SourceTitle "EXT 2025"]
[Source "ChessBase"]
[SourceDate "2024.10.14"]
[SourceVersion "1"]
[SourceVersionDate "2024.10.14"]
[SourceQuality "1"]

1. d4 Nf6 2. c4 e6 3. Nf3 b6 4. g3 Bb7 5. Bg2 Bb4+ 6. Bd2 Bxd2+ 7. Qxd2 0-0 8. Nc3 d6 9. 0-0 Ne4 10. Nxe4 Bxe4 11. Qf4 Bb7 12. e4 Nd7 13. d5 e5 14. Qe3 a5 15. b3 Nc5 16. Nd2 Qe7 17. a3 Nd7 18. b4 Ra7 19. Nb3 axb4 20. axb4 Rfa8 21. Rxa7 Rxa7 22. Ra1 Rxa1+ 23. Nxa1 Qf8 24. Qa3 Qa8 25. Qxa8+ Bxa8 26. Bh3 Nf6 27. f3 Kf8 28. Kf2 Ke7 29. Nb3 Ne8 30. b5 Bb7 31. Nc1 Kd8 32. Nd3 Bc8 33. Bxc8 Kxc8 34. f4 f6 35. f5 g5 36. g4 1/2-1/2

[Event "Titled Tuesday intern op 09th Jul Late"]
[Site "Chess.com INT"]
[Date "2024.07.09"]
[Round "2"]
[White "Santos, Jose Guilherme B Li"]
[Black "Bezerra, Flavio Rodrigo Cost"]
[Result "1-0"]
[WhiteElo "2410"]
[BlackElo "2096"]
[PlyCount "77"]
[EventDate "2024.07.09"]
[EventType "swiss (blitz)"]
[EventRounds "11"]
[EventCountry "USA"]
[SourceTitle "EXT 2025"]
[Source "ChessBase"]
[SourceDate "2024.10.14"]
[SourceVersion "1"]
[SourceVersionDate "2024.10.14"]
[SourceQuality "1"]

1. e4 c5 2. Nf3 g6 3. h4 h5 4. d4 cxd4 5. Nxd4 Nc6 6. c4 Nf6 7. Nc3 Nxd4 8. Qxd4 Bg7 9. Be3 d6 10. f3 Be6 11. 0-0-0 0-0 12. Qd2 Qa5 13. Kb1 Rfc8 14. Nd5 Qxd2 15. Rxd2 Nxd5 16. cxd5 Bd7 17. Be2 a6 18. g4 hxg4 19. fxg4 Be5 20. h5 gxh5 21. gxh5 Kh7 22. Bd4 Bxd4 23. Rxd4 Rg8 24. Rd3 Rac8 25. Rb3 Rc7 26. Rf3 f6 27. Bd3 Rg2 28. e5+ f5 29. e6 Be8 30. Rxf5 Kh6 31. Rf8 Rc8 32. Bg6 Bd7 33. Rf7 Bb5 34. Rxe7 Be2 35. Rxb7 Bf3 36. Rh7+ Kg5 37. e7 Bxd5 38. Ka1 Bc6 39. Rc1 1-0

[Event "Titled Tuesday intern op 09th Jul Late"]
[Site "Chess.com INT"]
[Date "2024.07.09"]
[Round "3"]
[White "Zakhartsov, Vladimir"]
[Black "Santos, Jose Guilherme B Li"]
[Result "1-0"]
[WhiteElo "2497"]
[BlackElo "2410"]
[PlyCount "97"]
[EventDate "2024.07.09"]
[EventType "swiss (blitz)"]
[EventRounds "11"]
[EventCountry "USA"]
[SourceTitle "EXT 2025"]
[Source "ChessBase"]
[SourceDate "2024.10.14"]
[SourceVersion "1"]
[SourceVersionDate "2024.10.14"]
[SourceQuality "1"]

1. d4 Nf6 2. c4 g6 3. Nc3 Bg7 4. e4 d6 5. h3 0-0 6. Be3 e5 7. d5 a5 8. g4 Na6 9. Nge2 Nd7 10. Ng3 Qh4 11. Qd2 h6 12. Nce2 Nac5 13. g5 Nxe4 14. Nxe4 Qxe4 15. Ng3 Qh4 16. gxh6 Bh8 17. Rg1 Nc5 18. 0-0-0 f5 19. Bg5 Qd4 20. Qc2 Nb3+ 21. axb3 Qb6 22. Be3 Qb4 23. Ne2 Kh7 24. Bd2 Qb6 25. Be3 Qb4 26. Nc3 a4 27. bxa4 Bd7 28. Bd2 Qb6 29. Rg2 e4 30. Be2 Rg8 31. Be3 Qb4 32. Bd4 Be5 33. Bxe5 dxe5 34. b3 Qb6 35. h4 Qf6 36. d6 cxd6 37. Qd2 Ra6 38. Rg5 Rb6 39. Nd5 Qd8 40. Nxb6 Qxb6 41. Kc2 Qxf2 42. Qxd6 Qxe2+ 43. Rd2 Qf1 44. Qxd7+ Kxh6 45. Rdg2 Qa1 46. Rh5+ gxh5 47. Qe6+ Kh7 48. Qxg8+ Kh6 49. Qg6# 1-0

[Event "Adeje Arona op"]
[Site "Adeje"]
[Date "2024.06.29"]
[Round "9"]
[White "Santos, Jose Guilherme B Li"]
[Black "Omelja, Artem"]
[Result "1/2-1/2"]
[WhiteElo "2410"]
[BlackElo "2435"]
[PlyCount "100"]
[EventDate "2024.06.22"]
[EventType "swiss"]
[EventRounds "10"]
[EventCountry "ESP"]
[SourceTitle "CBM 220 Extra"]
[Source "ChessBase"]
[SourceDate "2024.07.31"]
[SourceVersion "1"]
[SourceVersionDate "2024.07.31"]
[SourceQuality "1"]

1. d4 d5 2. c4 e6 3. Nf3 Nf6 4. Nc3 Be7 5. Bf4 0-0 6. e3 b6 7. Bd3 dxc4 8. Bxc4 Bb7 9. 0-0 Nbd7 10. Qe2 a6 11. a4 c5 12. dxc5 Nxc5 13. Rfd1 Qe8 14. Ne5 Ncd7 15. Nxd7 Nxd7 16. e4 Nf6 17. Bd6 Bxd6 18. Rxd6 b5 19. e5 bxc4 20. exf6 gxf6 21. Qxc4 Qe7 22. Rad1 Rfd8 23. R6d3 f5 24. Qb3 Rxd3 25. Rxd3 Kh8 26. Qd1 Rg8 27. g3 Qf6 28. f4 Rc8 29. Rd7 Bc6 30. Qd4 Kg7 31. Qxf6+ Kxf6 32. Ra7 Ra8 33. Rxa8 Bxa8 34. b4 Ke7 35. Kf2 Kd6 36. Ke3 f6 37. Kd4 e5+ 38. Ke3 Bg2 39. Kd2 Bf3 40. Kd3 Bg2 41. Kc2 Bf3 42. Kb3 Bh5 43. Kc4 Bf7+ 44. Kd3 Bb3 45. Kd2 Bc4 46. Kc2 Be6 47. Nd1 Kd5 48. Kd3 Bd7 49. Nc3+ Kd6 50. Ke3 Be8 1/2-1/2

[Event "Adeje Arona op"]
[Site "Adeje"]
[Date "2024.06.28"]
[Round "8"]
[White "Pourkashiyan, Atousa"]
[Black "Santos, Jose Guilherme B Li"]
[Result "0-1"]
[WhiteElo "2272"]
[BlackElo "2410"]
[PlyCount "116"]
[EventDate "2024.06.22"]
[EventType "swiss"]
[EventRounds "10"]
[EventCountry "ESP"]
[SourceTitle "CBM 220 Extra"]
[Source "ChessBase"]
[SourceDate "2024.07.31"]
[SourceVersion "1"]
[SourceVersionDate "2024.07.31"]
[SourceQuality "1"]

1. e4 e5 2. Nf3 Nc6 3. Nc3 Nf6 4. d4 exd4 5. Nxd4 d6 6. Nxc6 bxc6 7. Bc4 Be7 8. 0-0 0-0 9. h3 Be6 10. Bxe6 fxe6 11. Qe2 Qd7 12. e5 Nd5 13. Re1 Nxc3 14. bxc3 d5 15. Rb1 Bc5 16. Be3 Qe7 17. Qa6 Bb6 18. Qa4 Qe8 19. c4 c5 20. Qxe8 Raxe8 21. a4 Rd8 22. Bd2 a5 23. Kf1 Kf7 24. Rb5 Ra8 25. Be3 d4 26. Bc1 Ke7 27. Ba3 Kd7 28. Bxc5 Bxc5 29. Rxc5 c6 30. Rb1 Kc7 31. Ke2 g5 32. f3 h5 33. Kd3 g4 34. hxg4 hxg4 35. Ke4 Rh8 36. f4 Rh2 37. f5 exf5+ 38. Kxf5 Rxg2 39. Ke4 Rxc2 40. Kd3 Rf2 41. e6 Kd6 42. Rg5 Rf4 43. Re1 Rh8 44. c5+ Ke7 45. Rg7+ Kf8 46. Rc7 Rh3+ 47. Kd2 Rf2+ 48. Kd1 Re3 49. Rh1 Rh3 50. Re1 Rd3+ 51. Kc1 Re3 52. Rh1 Kg8 53. e7 g3 54. Rc8+ Kf7 55. Rh7+ Kg6 56. e8Q+ Rxe8 57. Rxe8 g2 58. Re1 Kxh7 0-1

[Event "Adeje Arona op"]
[Site "Adeje"]
[Date "2024.06.27"]
[Round "7"]
[White "Santos, Jose Guilherme B Li"]
[Black "Pantsulaia, Levan"]
[Result "0-1"]
[WhiteElo "2410"]
[BlackElo "2535"]
[PlyCount "98"]
[EventDate "2024.06.22"]
[EventType "swiss"]
[EventRounds "10"]
[EventCountry "ESP"]
[SourceTitle "CBM 220 Extra"]
[Source "ChessBase"]
[SourceDate "2024.07.31"]
[SourceVersion "1"]
[SourceVersionDate "2024.07.31"]
[SourceQuality "1"]

1. d4 d5 2. c4 e5 3. dxe5 Ne7 4. Nf3 Nbc6 5. e3 Bg4 6. Nc3 dxc4 7. Qa4 Ng6 8. Nd4 Bd7 9. Qxc4 Ngxe5 10. Nxc6 Bxc6 11. Qd4 Qe7 12. Bb5 Bxb5 13. Nxb5 c6 14. Nc3 Rd8 15. Qe4 g6 16. f4 Nd7 17. Qxe7+ Kxe7 18. e4 Bg7 19. Be3 Nb6 20. Rd1 Nc4 21. Bc1 Bxc3+ 22. bxc3 b5 23. Ke2 a5 24. Be3 f5 25. exf5 gxf5 26. Rxd8 Rxd8 27. Rg1 Kf7 28. Bd4 c5 29. Bxc5 Rd2+ 30. Kf3 Rd3+ 31. Ke2 Rxc3 32. g4 Ke6 33. gxf5+ Kxf5 34. Rg5+ Ke4 35. f5 Rc2+ 36. Kd1 Rd2+ 37. Ke1 Rd5 38. Bf8 Rxf5 39. Rg7 Rh5 40. h4 Kd4 41. Rc7 Kc3 42. Kf2 Kb2 43. Kg3 Kxa2 44. Kg4 Rd5 45. Rxh7 b4 46. Rc7 Rd4+ 47. Kg3 Rd3+ 48. Kg4 Rc3 49. Bd6 Nxd6 0-1

[Event "Adeje Arona op"]
[Site "Adeje"]
[Date "2024.06.25"]
[Round "6"]
[White "Pakleza, Zbigniew"]
[Black "Santos, Jose Guilherme B Li"]
[Result "1/2-1/2"]
[WhiteElo "2489"]
[BlackElo "2410"]
[PlyCount "84"]
[EventDate "2024.06.22"]
[EventType "swiss"]
[EventRounds "10"]
[EventCountry "ESP"]
[SourceTitle "CBM 220 Extra"]
[Source "ChessBase"]
[SourceDate "2024.07.31"]
[SourceVersion "1"]
[SourceVersionDate "2024.07.31"]
[SourceQuality "1"]

1. d4 Nf6 2. Nf3 g6 3. c4 Bg7 4. Nc3 0-0 5. g3 d6 6. Bg2 Nc6 7. 0-0 e5 8. d5 Nb8 9. Ne1 a5 10. e4 Na6 11. Nd3 Nd7 12. Be3 f5 13. Qd2 b6 14. exf5 gxf5 15. f4 Nac5 16. Nxc5 bxc5 17. a4 exf4 18. Bxf4 Ne5 19. b3 Ng6 20. Bh6 Bxh6 21. Qxh6 Bd7 22. Ra2 Qf6 23. Qd2 Rae8 24. Bh3 Qe5 25. Nb5 Qe3+ 26. Qxe3 Rxe3 27. Nxc7 Rxb3 28. Raf2 Rc3 29. Nb5 Rxc4 30. Nxd6 Rxa4 31. Bxf5 Bxf5 32. Nxf5 Ra3 33. Ne7+ Kg7 34. Nxg6 Rxf2 35. Kxf2 hxg6 36. Rc1 g5 37. Rxc5 Kf6 38. h3 a4 39. Ra5 Rd3 40. Rxa4 Rxd5 41. Kf3 Rd6 42. Kg4 Kg6 1/2-1/2

[Event "Titled Tuesday intern op 28th May Late"]
[Site "Chess.com INT"]
[Date "2024.05.28"]
[Round "9"]
[White "Korol, Dimitry"]
[Black "Santos, Jose Guilherme B Li"]
[Result "1-0"]
[WhiteElo "2287"]
[BlackElo "2410"]
[PlyCount "53"]
[EventDate "2024.05.28"]
[EventType "swiss (blitz)"]
[EventRounds "11"]
[EventCountry "USA"]
[SourceTitle "EXT 2025"]
[Source "ChessBase"]
[SourceDate "2024.10.14"]
[SourceVersion "1"]
[SourceVersionDate "2024.10.14"]
[SourceQuality "1"]

1. d4 Nf6 2. c4 g6 3. Nc3 Bg7 4. e4 d6 5. Nf3 0-0 6. Be2 e5 7. dxe5 dxe5 8. Qxd8 Rxd8 9. Bg5 c6 10. Nxe5 Re8 11. 0-0-0 h6 12. Bh4 Nxe4 13. Nxe4 Bxe5 14. Rhe1 g5 15. Bg3 Bxg3 16. Nf6+ Kf8 17. hxg3 Be6 18. Nxe8 Kxe8 19. Bg4 Ke7 20. Bxe6 fxe6 21. b3 Nd7 22. Kc2 a5 23. Re3 Nc5 24. Kc3 Rf8 25. f3 h5 26. Rh1 Rh8 27. Re5 1-0

[Event "Titled Tuesday intern op 28th May Late"]
[Site "Chess.com INT"]
[Date "2024.05.28"]
[Round "6"]
[White "Martinez Alcantara, Jose Eduardo"]
[Black "Santos, Jose Guilherme B Li"]
[Result "1-0"]
[WhiteElo "2612"]
[BlackElo "2410"]
[PlyCount "45"]
[EventDate "2024.05.28"]
[EventType "swiss (blitz)"]
[EventRounds "11"]
[EventCountry "USA"]
[SourceTitle "EXT 2025"]
[Source "ChessBase"]
[SourceDate "2024.10.14"]
[SourceVersion "1"]
[SourceVersionDate "2024.10.14"]
[SourceQuality "1"]

1. e4 e5 2. Nf3 Nc6 3. Nc3 Nf6 4. g3 Bc5 5. Bg2 d6 6. d3 h6 7. h3 Nd4 8. Be3 Bb6 9. 0-0 Nxf3+ 10. Qxf3 Be6 11. Bxb6 axb6 12. Qe3 g5 13. d4 Qe7 14. Rad1 0-0-0 15. a4 Kb8 16. d5 Bd7 17. Ra1 Nh5 18. a5 b5 19. Kh2 Ng7 20. Qd3 c5 21. Nxb5 Bxb5 22. Qxb5 Qd7 23. Qb3 1-0

[Event "Titled Tuesday intern op 28th May Late"]
[Site "Chess.com INT"]
[Date "2024.05.28"]
[Round "8"]
[White "Santos, Jose Guilherme B Li"]
[Black "Otero Marino, Alain"]
[Result "1-0"]
[WhiteElo "2410"]
[BlackElo "2249"]
[PlyCount "127"]
[EventDate "2024.05.28"]
[EventType "swiss (blitz)"]
[EventRounds "11"]
[EventCountry "USA"]
[SourceTitle "EXT 2025"]
[Source "ChessBase"]
[SourceDate "2024.10.14"]
[SourceVersion "1"]
[SourceVersionDate "2024.10.14"]
[SourceQuality "1"]

1. e4 e5 2. Nf3 Nc6 3. Bb5 Nf6 4. 0-0 Nxe4 5. d4 Nd6 6. Bxc6 dxc6 7. dxe5 Nf5 8. Qxd8+ Kxd8 9. Rd1+ Ke8 10. Nc3 Be6 11. h3 Bb4 12. Ne4 Bd5 13. Ned2 Rd8 14. Rf1 h5 15. a3 Be7 16. Re1 c5 17. Ne4 b6 18. Bg5 Bxe4 19. Rxe4 Bxg5 20. Nxg5 Rd2 21. e6 f6 22. Nf3 Rxc2 23. b4 c4 24. Nd4 Nd6 25. Re3 Rd2 26. Nc6 a6 27. a4 Nf5 28. Rc3 Nd6 29. b5 a5 30. Re3 Rh6 31. Rg3 g5 32. Re1 Rg6 33. f4 Rd3 34. Rxd3 cxd3 35. fxg5 fxg5 36. e7 Nc4 37. Rf1 Rg8 38. Rf3 d2 39. Rd3 Kf7 40. Kf2 Re8 41. Ke2 Ke6 42. Rd8 Kf7 43. Rd4 Nd6 44. Kxd2 Ke6 45. Kd3 h4 46. Rg4 Kf6 47. Kc3 Nf5 48. Re4 Nxe7 49. Kb3 Kf7 50. Ne5+ Kf8 51. Nd7+ Kg7 52. Re1 Kf7 53. Ne5+ Kf6 54. Nf3 Rd8 55. Rc1 Nd5 56. Rc4 Re8 57. Rc6+ Kf5 58. Kc4 Rd8 59. Nd4+ Ke5 60. Re6+ Kf4 61. Rg6 Ne3+ 62. Kc3 Nf5 63. Ne6+ Ke5 64. Nxd8 1-0

[Event "Titled Tuesday intern op 05th Mar Late"]
[Site "Chess.com INT"]
[Date "2024.03.05"]
[Round "2"]
[White "Santos, Jose Guilherme B Li"]
[Black "Yuan, Qingyu"]
[Result "0-1"]
[WhiteElo "2410"]
[BlackElo "2360"]
[PlyCount "100"]
[EventDate "2024.03.05"]
[EventType "swiss (blitz)"]
[EventRounds "11"]
[EventCountry "USA"]
[SourceTitle "EXT 2025"]
[Source "ChessBase"]
[SourceDate "2024.10.14"]
[SourceVersion "1"]
[SourceVersionDate "2024.10.14"]
[SourceQuality "1"]

1. e4 c6 2. d4 d5 3. Nc3 dxe4 4. Nxe4 Bf5 5. Ng3 Bg6 6. h4 h6 7. h5 Bh7 8. Nf3 e6 9. Bd3 Bxd3 10. Qxd3 Nf6 11. Bd2 Bd6 12. Ne4 Nxe4 13. Qxe4 Nd7 14. 0-0-0 Qc7 15. Kb1 0-0-0 16. c4 Nf6 17. Qe2 c5 18. Bc3 Rhe8 19. dxc5 Qxc5 20. Ka1 Qc7 21. Ne5 Bxe5 22. Bxe5 Qc6 23. Bg3 Ne4 24. Be5 f6 25. Bd4 b6 26. f3 Nd6 27. Rc1 Nf5 28. Bf2 Nd4 29. Qe1 e5 30. Qb4 Qc5 31. Qa4 Kb7 32. Rhd1 Re7 33. b4 Qc6 34. Qxc6+ Nxc6 35. a3 Red7 36. Rxd7+ Rxd7 37. Rc2 Rd3 38. Kb2 Ne7 39. c5 b5 40. Rc3 Rd2+ 41. Rc2 Rd1 42. g4 Kc6 43. Re2 Nd5 44. Kc2 Ra1 45. Kb2 Rh1 46. Kc2 Rh3 47. Rd2 Rxf3 48. Be1 Rxa3 49. Kb2 Re3 50. Bf2 Re4 0-1

[Event "Titled Tuesday intern op 09th Jan Late"]
[Site "Chess.com INT"]
[Date "2024.01.09"]
[Round "3"]
[White "Santos, Jose Guilherme B Li"]
[Black "Wafa, Hamed"]
[Result "0-1"]
[WhiteElo "2428"]
[BlackElo "2397"]
[PlyCount "54"]
[EventDate "2024.01.09"]
[EventType "swiss (blitz)"]
[EventRounds "11"]
[EventCountry "USA"]
[SourceTitle "EXT 2025"]
[Source "ChessBase"]
[SourceDate "2024.10.14"]
[SourceVersion "1"]
[SourceVersionDate "2024.10.14"]
[SourceQuality "1"]

1. e4 e5 2. Nf3 Nc6 3. Bb5 a6 4. Ba4 Nf6 5. d3 d6 6. c3 Bd7 7. 0-0 Ne7 8. Bc2 Ng6 9. d4 Be7 10. Nbd2 0-0 11. Nc4 Bb5 12. b3 exd4 13. Nxd4 Bxc4 14. bxc4 Ne5 15. Qe2 Nfd7 16. Nf5 Bf6 17. Rb1 b6 18. Be3 Re8 19. Bd4 Nc6 20. Rfd1 Nc5 21. Bxc5 bxc5 22. Ba4 Qd7 23. Qf3 Rad8 24. e5 Nxe5 25. Bxd7 Nxf3+ 26. gxf3 Rxd7 27. Rb7 Bxc3 0-1